000
00349nam a2200157 a 4500
003
DLC
005
20210219152715.0
022
_a
0229-3099
035
_a
UPN01000059329
245
0
0
_a
ALBERTA SCIENCE TEACHER
260
_a
EUA :
_b
Alberta Teacher's Association
653
0
_a
MAESTROS
653
0
_a
CIENCIA
905
_a
Revista
999
_c
59326
_d
59326